Practical phased-array antenna systems (Record no. 588270)
[ view plain ]
| 000 -LEADER | |
|---|---|
| fixed length control field | 00651pam a2200193 a 4500 |
| 020 ## - INTERNATIONAL STANDARD BOOK NUMBER | |
| International Standard Book Number | 0890065632 |
| 082 00 - DEWEY DECIMAL CLASSIFICATION NUMBER | |
| Classification number | 621.384135 |
| 245 00 - TITLE STATEMENT | |
| Title | Practical phased-array antenna systems |
| Statement of responsibility, etc. | Eli Brookner, editor. |
| 260 ## - PUBLICATION, DISTRIBUTION, ETC. | |
| Place of publication, distribution, etc. | Boston : |
| Name of publisher, distributor, etc. | Artech House, |
| Date of publication, distribution, etc. | c1991. |
| 300 ## - PHYSICAL DESCRIPTION | |
| Extent | 1 v. (various pagings) : |
| Other physical details | ill. ; |
| Dimensions | 29 cm. |
| 504 ## - BIBLIOGRAPHY, ETC. NOTE | |
| Bibliography, etc. note | Includes bibliographical references and index. |
| 650 #0 - SUBJECT ADDED ENTRY--TOPICAL TERM | |
| Topical term or geographic name entry element | Phased array antennas. |
| 700 1# - ADDED ENTRY--PERSONAL NAME | |
| Personal name | Brookner, Eli, |
| Dates associated with a name | 1931- |
| 942 ## - ADDED ENTRY ELEMENTS (KOHA) | |
| Source of classification or shelving scheme | |
| Koha item type | Book |
| 440 #4 - SERIES STATEMENT/ADDED ENTRY--TITLE | |
| -- | 89631 |
| 650 #0 - SUBJECT ADDED ENTRY--TOPICAL TERM | |
| -- | 89632 |
| 700 1# - ADDED ENTRY--PERSONAL NAME | |
| -- | 89633 |
| Withdrawn status | Lost status | Source of classification or shelving scheme | Damaged status | Not for loan | Permanent Location | Current Location | Date acquired | Total Checkouts | Full call number | Barcode | Date last seen | Price effective from | Koha item type |
|---|---|---|---|---|---|---|---|---|---|---|---|---|---|
| Central Library (CL) | Central Library (CL) | 02/25/2022 | 621.384135 BRO | CL-956 | 09/16/2024 | 02/25/2022 | Book |
